000 00761nam a2200229 i 4500
003 DO-SdBNP
005 20240517090858.0
007 ta
008 130520s1995 dr 000 0 spa d
040 _aDO-SdBNP
_bspa
_cBNPHU
_erda
082 _222
100 1 _a Patria Quisqueya Ana Concepción,
_921542
_eautora
245 1 0 _aMás familias dominicana :
_binvestigación genealogica /
_cAna Concepción Patria Quisqueya
264 _aSanto Domingo :
_bSecretariía de Estado de Educación, Bellas Artes y Cultos,
_c1995.
300 _a378 páginas ;
_c21 cm.
336 _2rdacontent
_atexto
_btxt
337 _2rdamedia
_asin mediación
_bn
338 _2rdacarrier
_avolumen
_bnc
590 _aInventariado, 2024/BT
910 _aBtavárez
942 _2ddc
_cLBS1
999 _c56684
_d56684